Съчинения (Запис номер 91644)
[ съкратено ]
| 000 -Лидер | |
|---|---|
| Контролно поле с фиксирана дължина | 01933nam a2200373 c 4500 |
| 003 - Код на организацията, давaща контролен номер | |
| Контролно поле | BLK |
| 005 - Дата и час на последна редакция | |
| Контролно поле | 20240229004014.0 |
| 008 - Елементи от данни с фиксирана дължина | |
| fixed length control field | 180408b bul|||||r ||||||| ||bul|| |
| 010 ## - Наследен системен номер | |
| LC control number | KNG00096404000 |
| 020 ## - Международен стандартен номер на книга ISBN | |
| Международен стандартен номер на книга ISBN | 978-954-09-0329-3 |
| -- | издат.: Захарий Стоянов - на том(т. 1) |
| 040 ## - Източник на каталожния запис | |
| Идентификатор на билиотеката - собственик на записа | BLK |
| 041 ## - Код за език | |
| Код за езика на текст/звукозапис или на отделно заглавие | Български |
| Код за езика КДБФ | Български |
| 072 #7 - Код за тематичната категория | |
| Код организация | bullib |
| Код за тематична категория | Н84 |
| Текст | Българска художествена литература Н |
| 080 ## - УДК | |
| Текстов определител УДК | Българска литература |
| УДК код - определител по УДК | 821.163.2 |
| УДК определител | (081.1) |
| УДК - код + определител | 821.163.2(081.1) |
| 080 ## - УДК | |
| Текстов определител УДК | Българска литература |
| УДК код - определител по УДК | 821.163.2 |
| УДК определител | -95 |
| УДК - код + определител | 821.163.2-95 |
| 100 1# - Редна дума - Автор | |
| Автор | Гранитски, Иван |
| Пълна форма на името | Димитров, Иван Йорданов |
| Дати, свързани с автора | 1953- |
| Автор - информация (биография) | Журналист, литературен критик, теоретик и историк, поет, публицист и издател. |
| Авторска отговорност | първи автор |
| R(LIN) | 55767 |
| 139 ## - Редно поле | |
| Редна дума | Гранитски, Иван |
| Авторски знак | Гран - Г 77 |
| 245 10 - Сведения за заглавието | |
| Заглавие | Съчинения |
| Подзаглавни данни | В 7 т. За том: Критика |
| Редно поле (дума) | Иван Гранитски; * Иван Йорданов Димитров. |
| Том | Т. 1 |
| Заглавие на том | Противоречивият човек |
| 257 ## - Страна на издаване | |
| Страна на създаване/издаване | България |
| 260 ## - Област на издателските данни | |
| -- | София |
| Година на издаване | 2009 - |
| Печатница | София : УИ Св. Климент Охридски |
| 300 ## - Физическа характеристика | |
| Размери/Мащаб | 22 см |
| 380 ## - Жанр | |
| Жанр | Худож. лит. |
| 500 ## - Общи забележки | |
| Забележка | Иван Гранитски - псевд. на Иван Йорданов Димитров. |
| 653 ## - Ключова дума – ненормативна | |
| Ключова дума | литературна критика |
| 659 ## - Тематичен бюлетин | |
| Тематичен бюлетин | Н |
| 700 1# - Други автори (авторска отговорност) | |
| Лично име | Димитров, Иван Йорданов |
| Автороска отговорност (Описва отношението между автора и произведението) | * |
| 9 (RLIN) | 367043 |
| 760 1# - Описание на основната серия | |
| -- | - на том(т. 1) |
| Редна дума на основното описание | Гранитски, Иван |
| Място на издаване, издател и година | Захарий Стоянов, 2009 |
| Страници - том | 527 с. |
| Заглавие | Т. 1 Противоречивият човек |
| 852 ## - Местоположение | |
| Форматна сигнатура | Цб 248311 |
| 856 4# - Електронен адрес и достъп | |
| Електронен формат | pdf - файл |
| Път до файла /url/ | |
| 856 4# - Електронен адрес и достъп | |
| Електронен формат | pdf - файл |
| Път до файла /url/ | |
| 942 ## - АРТИКУЛИ | |
| Вид на библиотечния материал | Книги |
| Скрит в OPAC | Не |
| 944 ## - СЪЗДАВАНЕ И РЕДАКЦИЯ на ЗАПИСА | |
| Създаване/Редакция | Създаване |
| Дата на регистрацията/редакция | 28.06.2010 |
| Статус, дата на статуса | CRON CRON |
| Служител, извършил регистрацията/редакцията | |
| 944 ## - СЪЗДАВАНЕ И РЕДАКЦИЯ на ЗАПИСА | |
| Създаване/Редакция | Редакция |
| Дата на регистрацията/редакция | 01.07.2016 |
| Статус, дата на статуса | ф / |
| Служител, извършил регистрацията/редакцията | Пенка_Димитрова |
| 999 ## - СИСТЕМНИ КОНТРОЛНИ НОМЕРА | |
| Koha biblionumber | 91644 |
| Koha biblioitemnumber | 91644 |
| Код за отписване | Код за изгубен артикул | Код за повреда | Коз за рестрикции | Код за отдаване | Артикулен № | Име на библиотеката - собственик | Име на библиотеката, в която се намира в момента | Статус (Текущо местоположение) | Дата на вписване в системата | Местоположение - отдел | Цена в лева | Инвентарен номер | Систематично азбучна сигнатура | Баркод | Номер на екземпляра | Цена в евро | Служебна бележка | Служебен тип на артикула |
|---|---|---|---|---|---|---|---|---|---|---|---|---|---|---|---|---|---|---|
| Не е изгубен | Не е повреден | без рестрикции | ползва се в читалня | 147861 | Регионална библиотека "Любен Каравелов" Русе | Регионална библиотека "Любен Каравелов" Русе | Хранилище | 2010-06-28 | Хранилище | 20.00 | 120000744739 | Цб 248311 | 120000744739 | 1 | 10.23 | Дост: Dp Вид: Д N: 46 Дата: 28.10.2009 | Книги | |
| Не е изгубен | Не е повреден | без рестрикции | заемане за дома | 147862 | Регионална библиотека "Любен Каравелов" Русе | Регионална библиотека "Любен Каравелов" Русе | Заемна - подръчен фонд | 2015-03-30 | Заемна - подръчен фонд | 20.00 | 120000786745 | П 886.7(081)/Г 77 | 120000786745 | 2 | 10.23 | Дост: Pk Вид: Ф N: 430 Дата: 24.03.2015 Дата инв: 14.02.2018 Бележки инв: П2018 | Книги | |
| Не е изгубен | Не е повреден | без рестрикции | заемане за дома | 147863 | Регионална библиотека "Любен Каравелов" Русе | Регионална библиотека "Любен Каравелов" Русе | Заемна - подръчен фонд | 2016-06-30 | Заемна - подръчен фонд | 20.00 | 120000801850 | П 886.7(081)/Г 77 | 120000801850 | 3 | 10.23 | Дост: DA Вид: А N: 25 Дата: 30.06.2016 Дата инв: 14.02.2018 Бележки инв: П2018 | Книги |